000
00232nam a22000977a 4500
082
_a
671.252 SAN'D
245
_a
SANDING AND FINISHING WITH MODERN COATED ABRASIRES
260
_a
USA
_b
CARBORUNDUM
_c
1967
300
_a
79P
942
_c
BK
999
_c
568423
_d
568423